| 000 | 01649nam a2200493 i 4500 | ||
|---|---|---|---|
| 001 | 6300 | ||
| 003 | KOSZ 005 | ||
| 005 | 20230123095231.0 | ||
| 008 | 970510s1992 pl a f f |000 0 pol | ||
| 015 | _aPB 1993/3333 | ||
| 035 | _a(PL-WaBN)b10278874-48omnis_nlop | ||
| 035 | _ab10278874 | ||
| 035 | _a(OCoLC)749290498 | ||
| 035 | _a(PL)b0000010278874 | ||
| 040 |
_aWA N _cWA N _dKOSZ 005/HR |
||
| 080 | _a543 | ||
| 080 | _a628.1/.3 | ||
| 080 | _a(075.8+076) | ||
| 100 | 1 |
_aPawłowski, Lucjan _d(1946- ) _eAutor |
|
| 245 | 1 | 0 |
_aChemia sanitarna : _bćwiczenia laboratoryjne / _cLucjan Pawłowski, Henryk Wasąg ; Politechnika Lubelska. |
| 260 |
_aLublin : _bWydawnictwa Uczelniane PL, _c1992. |
||
| 300 |
_a270, [3] s. : _brys., wykr. ; _c24 cm. |
||
| 336 |
_2rdacontent _aTekst _btxt |
||
| 337 |
_2rdamedia _aBez urządzenia pośredniczącego _bn |
||
| 338 |
_2rdacarrier _aWolumin _bnc |
||
| 380 | _aKsiążki | ||
| 380 | _aPubliakcje dydaktyczne | ||
| 385 |
_mPoziom nauczania _aSzkoły wyższe |
||
| 388 | _a1901-2000 | ||
| 388 | _a1989-2000 | ||
| 500 | _aU góry okł. nazwa przedmiotu : Inżynieria Sanitarna. | ||
| 504 | _aBibliogr. s. 269-270. | ||
| 650 | 7 |
_aChemia analityczna _2DBN |
|
| 650 | 7 | _aFizyka | |
| 650 | 7 |
_aŚcieki _2DBN |
|
| 650 | 7 |
_aWoda _2DBN |
|
| 655 | 7 |
_aĆwiczenia laboratoryjne dla szkół wyższych _2DBN |
|
| 658 | _aInżynieria i technika | ||
| 658 | _aChemia | ||
| 700 | 1 |
_aWasąg, Henryk _eAutor |
|
| 856 |
_uhttp://koha.tu.koszalin.pl/cgi-bin/koha/opac-detail.pl?biblionumber=6300 _yKatalog online BPK |
||
| 942 |
_2UKD _cKS |
||
| 999 |
_c6300 _d6300 |
||